Management Accounting (Record no. 5931)

MARC details
000 -LEADER
fixed length control field 00317nam a2200133Ia 4500
008 - FIXED-LENGTH DATA ELEMENTS--GENERAL INFORMATION
fixed length control field 191201s2013 xx 000 0 und d
082 ## - DEWEY DECIMAL CLASSIFICATION NUMBER
Classification number 657
Item number PAM
100 ## - MAIN ENTRY--PERSONAL NAME
Personal name PANDEY, I M
245 #0 - TITLE STATEMENT
Title Management Accounting
260 ## - PUBLICATION, DISTRIBUTION, ETC. (IMPRINT)
Place of publication, distribution, etc N. Delhi
Name of publisher, distributor, etc Vikas Publication House
Date of publication, distribution, etc 2013
300 ## - PHYSICAL DESCRIPTION
Extent 608
650 ## - SUBJECT ADDED ENTRY--TOPICAL TERM
Topical term or geographic name as entry element BBA
942 ## - ADDED ENTRY ELEMENTS (KOHA)
Source of classification or shelving scheme Dewey Decimal Classification
Koha item type Text Books
Holdings
Withdrawn status Lost status Source of classification or shelving scheme Damaged status Not for loan Collection code Home library Current library Date acquired Source of acquisition Cost, normal purchase price Bill Number Total Checkouts Full call number Acc. no. / Barcode Date last seen Actual Cost, discounted price Bill Date Koha item type Date last borrowed Public note
    Dewey Decimal Classification     BBA PIET C-LIBRARY PIET C-LIBRARY 10/07/2014 Orange Books International 410.00 4491   658.1511 PAM 24392 04/12/2019 287.00 09/07/2014 Text Books    
    Dewey Decimal Classification     BBA PIET C-LIBRARY PIET C-LIBRARY 10/07/2014 Orange Books International 410.00 4491 5 658.1511 PAM 24393 29/12/2023 287.00 09/07/2014 Text Books 20/11/2023 .
    Dewey Decimal Classification     BBA PIET C-LIBRARY PIET C-LIBRARY 10/07/2014 Orange Books International 410.00 4491   658.1511 PAM 24394 04/12/2019 287.00 09/07/2014 Text Books    
    Dewey Decimal Classification     BBA PIET C-LIBRARY PIET C-LIBRARY 10/07/2014 Orange Books International 410.00 4491   658.1511 PAM 24395 04/12/2019 287.00 09/07/2014 Text Books    
    Dewey Decimal Classification     BBA PIET C-LIBRARY PIET C-LIBRARY 10/07/2014 Orange Books International 410.00 4491 1 658.1511 PAM 24396 17/11/2023 287.00 09/07/2014 Text Books 04/11/2023  

Design & Developed by: PIET Central Library
R70 Miles Stone Pattikalyana Samalkha Panipat 132102
mail ID :- [email protected], Phone No:- 0180-2569700 Ex.216